Ekologický marketing bakalárska práca

Na minha lista:
Detalhes bibliográficos
Autor principal: Špániková, Zuzana
Autor Corporativo: Obchodná fakulta EU. Katedra marketingu
Outros Autores: Balhar, Vítězslav, Jr
Formato: Livro
Idioma:eslovaco
Publicado em: Bratislava 2014
Tags: Adicionar Tag
Sem tags, seja o primeiro a adicionar uma tag!

MARC

LEADER 00000nbm a2200000 4500
001 0188310
005 20170201101427.7
041 0 |a slo 
044 |a SK 
245 1 0 |a Ekologický marketing  |b bakalárska práca  |c Zuzana Špániková ; školiteľ: Vítězslav Balhar 
264 1 |a Bratislava  |c 2014 
300 |a 57 s. 
100 1 |a Špániková, Zuzana 
700 1 |a Balhar, Vítězslav, Jr. 
710 2 |a Obchodná fakulta EU. Katedra marketingu